000 00554nam a2200157 4500
008 171120b xxu||||| |||| 00| 0 eng d
020 _a9966846336
020 _a9789966846334
050 _aPL 8704 .K57 2011
100 _aKitsao, Jay
245 _aMbinu za uandishi :
_buakifishi, insha, ufahamu, ufupisho, mwongozo wa jumla /
260 _aNairobi :
_bUniversity of NAirobi Press,
_c2011.
300 _axi, 105p. ;
_c20 cm.
650 _aSwahili language
_vStyle
_xHandbook, Manual, etc
942 _2lcc
_cAFRICANA
_hPL 8704 .K57 2011
_03
999 _c29198
_d29198